000 00591cam a22002291 4500
001 sa 66004407
003 DLC
005 20260227112242.0
008 840920s1965 xx 000 0 sano
010 _asa 66004407
035 _a(OCoLC)16763616
040 _aDLC
_cOrPS
_dDLC
042 _apremarc
050 0 0 _aBL1115
_b.A2 1965
110 2 _aVedas. Selections.
245 1 0 _aVaidika-pravacana.
260 _c1965.
300 _a184 p.
_c18 cm.
500 _aRomanized.
630 0 0 _aVedas
_xCriticism, interpretation, etc.
700 1 _aShastri, Jagat Kumar,
_d1912-
_eed. and tr.
999 _c69390
_d69390